|
|
|
|
| LEADER |
00933pam a22002658a 4500 |
| 001 |
00042660 |
| 005 |
20181016151003.0 |
| 008 |
110617s1977 ||||||Viesd |
| 020 |
# |
# |
|a 9786047432028
|c 60000
|
| 041 |
0 |
# |
|a Vie
|
| 082 |
1 |
4 |
|a 646.7
|b S455H
|
| 100 |
1 |
# |
|a Constable, Kimanzi
|
| 245 |
1 |
0 |
|a Sống hay chỉ tồn tại
|c Kimanzi Constable; Hải Yến (dịch)
|b 9 bước thay đổi cuộc đời bạn
|
| 260 |
# |
# |
|a Thanh Hóa
|b Thanh Hóa
|c 2017
|
| 300 |
# |
# |
|a 151 tr.
|c 21 cm.
|
| 500 |
# |
# |
|a Nguyên bản: Are you living or existing?: 9 steps to change your life
|
| 653 |
# |
# |
|a Cuôc sống
|
| 653 |
# |
# |
|a Công việc
|
| 653 |
# |
# |
|a Kỹ năng sống
|
| 653 |
# |
# |
|a Phương pháp
|
| 653 |
# |
# |
|a Tâm lý
|
| 700 |
1 |
# |
|a Hải, Yến
|e Dịch
|
| 852 |
# |
# |
|j KD.0024933
|j KM.0026671
|
| 910 |
|
|
|d 16/10/2018
|
| 980 |
# |
# |
|a Trung tâm Học liệu Lê Vũ Hùng, Trường Đại học Đồng Tháp
|